| 000 | 00364nam a2200097Ia 4500 | ||
|---|---|---|---|
| 005 | 20250424112907.0 | ||
| 008 | 250424s9999 xx 000 0 und d | ||
| 300 | _aiv, 64 p. :ill. ; 28 cm. | ||
| 650 | _a Medicine--Nigeria--Periodicals. Pharmacology--Nigeria--Periodicals. Medicine--Periodicals. Pharmacology--Periodicals. Medical sciences--Periodicals. | ||
| 942 | _cSR | ||
| 999 |
_c37743 _d37743 |
||